[Event "EU-ch (Women) 24th"]
[Site "Rhodes"]
[Date "2024.04.28"]
[Round "9"]
[White "Mkrtchyan, Mariam"]
[Black "Lehaci, Miruna Daria"]
[Result "0-1"]
[WhiteElo "2354"]
[BlackElo "2242"]
[PlyCount "81"]
[EventDate "2024.04.19"]
[EventType "swiss"]
[EventRounds "10"]
[EventCountry "GRE"]
[SourceTitle "CB18_2024"]
[SourceDate "2024.05.01"]
[SourceVersion "1"]
[SourceVersionDate "2024.05.01"]
[SourceQuality "2"]

1. d4 Nf6 2. c4 e6 3. Nf3 d5 4. Nc3 c6 5. g3 dxc4 6. Bg2 Nbd7 7. 0-0 b5 8. e4 Bb7 9. e5 Nd5 10. Ng5 h6 11. Nxe6 fxe6 12. Qh5+ Ke7 13. Bg5+ hxg5 14. Qxh8 Qe8 15. Ne4 Kd8 16. Nxg5 Kc7 17. Bh3 Kb6 18. Nxe6 Qg6 19. Qh4 Be7 20. Nf4 Nxf4 21. Qxf4 Nf8 22. Rad1 Bc8 23. Bxc8 Rxc8 24. Rfe1 Ne6 25. Qe4 Qh5 26. h4 Rf8 27. a4 a6 28. a5+ Kc7 29. d5 cxd5 30. Rxd5 Qf3 31. Qxf3 Rxf3 32. Kg2 Rb3 33. Re2 b4 34. Red2 c3 35. bxc3 bxc3 36. Rc2 Bc5 37. Rd3 Bd4 38. f4 Rb2 39. Rdd2 Nc5 40. Re2 Nd3 41. e6 0-1

[Event "EU-ch (Women) 24th"]
[Site "Rhodes"]
[Date "2024.04.25"]
[Round "6"]
[White "Mkrtchyan, Mariam"]
[Black "Sieber, Fiona"]
[Result "1/2-1/2"]
[WhiteElo "2354"]
[BlackElo "2222"]
[PlyCount "69"]
[EventDate "2024.04.19"]
[EventType "swiss"]
[EventRounds "10"]
[EventCountry "GRE"]
[SourceTitle "CB18_2024"]
[SourceDate "2024.05.01"]
[SourceVersion "1"]
[SourceVersionDate "2024.05.01"]
[SourceQuality "2"]

1. d4 Nf6 2. c4 e6 3. Nf3 b6 4. g3 Ba6 5. b3 Bb7 6. Bg2 Bb4+ 7. Bd2 c5 8. Bxb4 cxb4 9. a3 Na6 10. 0-0 0-0 11. e3 h5 12. Qe2 Qe7 13. Rc1 Rfc8 14. Qb2 bxa3 15. Qxa3 Nb4 16. Nc3 a5 17. Na4 Qd8 18. c5 bxc5 19. dxc5 Ra7 20. Nb6 Rb8 21. Nc4 Ne4 22. Nfe5 Nxc5 23. Nd6 Bxg2 24. Rxc5 Bd5 25. e4 Qb6 26. Rac1 Qxd6 27. Rc8+ Kh7 28. Nxf7 Qb6 29. exd5 Nd3 30. Qa2 Nxc1 31. Qc2+ g6 32. Ng5+ Kh6 33. Nf7+ Kh7 34. Ng5+ Kh6 35. Nf7+ 1/2-1/2

[Event "EU-ch (Women) 24th"]
[Site "Rhodes"]
[Date "2024.04.22"]
[Round "4"]
[White "Mkrtchyan, Mariam"]
[Black "Terbe, Zsuzsanna"]
[Result "1/2-1/2"]
[WhiteElo "2354"]
[BlackElo "2174"]
[PlyCount "97"]
[EventDate "2024.04.19"]
[EventType "swiss"]
[EventRounds "10"]
[EventCountry "GRE"]
[SourceTitle "CB18_2024"]
[SourceDate "2024.05.01"]
[SourceVersion "1"]
[SourceVersionDate "2024.05.01"]
[SourceQuality "2"]

1. d4 d5 2. Nf3 Nf6 3. Bf4 c5 4. e3 Nc6 5. Nbd2 e6 6. c3 Nh5 7. Bg5 f6 8. Bh4 cxd4 9. cxd4 g6 10. Bd3 Be7 11. g4 Ng7 12. Bg3 Bd7 13. a3 0-0 14. h3 Qb6 15. Qb3 Rfc8 16. Qxb6 axb6 17. Bb5 Be8 18. Ke2 Na5 19. Bxe8 Nxe8 20. Rhc1 b5 21. Ne1 Nc4 22. Nd3 b6 23. Rc2 Kf7 24. Rac1 g5 25. Nb1 Bd6 26. Bxd6 Ncxd6 27. Rxc8 Rxc8 28. Rxc8 Nxc8 29. Kd2 Ned6 30. Nc3 Ke7 31. f3 Kd7 32. e4 Ne7 33. Ke3 dxe4 34. fxe4 Nc6 35. b3 Na5 36. e5 fxe5 37. dxe5 Nf7 38. Nc1 b4 39. axb4 Nc6 40. Ne4 h6 41. Nd3 Ncxe5 42. b5 Nxd3 43. Kxd3 Ke7 44. Kd4 Kd7 45. Nc3 Kd6 46. Na4 Kc7 47. Nc3 Kd6 48. Na4 Kc7 49. Nc3 1/2-1/2

[Event "Tashkent (Women) 2nd"]
[Site "Tashkent"]
[Date "2024.03.07"]
[Round "3"]
[White "Kaldarova, Ayaulym"]
[Black "Mkrtchyan, Mariam"]
[Result "1/2-1/2"]
[WhiteElo "2110"]
[BlackElo "2352"]
[PlyCount "54"]
[EventDate "2024.03.06"]
[EventType "swiss"]
[EventRounds "9"]
[EventCountry "UZB"]
[SourceTitle "CB12_2024"]
[SourceDate "2023.10.01"]
[SourceVersion "1"]
[SourceVersionDate "2023.10.01"]
[SourceQuality "1"]

1. Nf3 d5 2. g3 g6 3. Bg2 Bg7 4. d4 c6 5. 0-0 Nf6 6. c4 dxc4 7. a4 Ne4 8. Nc3 Nd6 9. e4 Bg4 10. h3 Bxf3 11. Bxf3 Na6 12. Be3 Nb4 13. Qe2 a5 14. Rad1 0-0 15. Bg2 e6 16. g4 f5 17. e5 Ne8 18. Qxc4 Nc7 19. Qe2 Ncd5 20. gxf5 gxf5 21. Qh5 Qe8 22. Qxe8 Rfxe8 23. Bxd5 Nxd5 24. Nxd5 cxd5 25. Rc1 Rec8 26. Rxc8+ Rxc8 27. Rc1 Rxc1+ 1/2-1/2

[Event "Tashkent (Women) 2nd"]
[Site "Tashkent"]
[Date "2024.03.07"]
[Round "2"]
[White "Mkrtchyan, Mariam"]
[Black "Nurgaliyeva, Zarina"]
[Result "1-0"]
[WhiteElo "2352"]
[BlackElo "2075"]
[PlyCount "107"]
[EventDate "2024.03.06"]
[EventType "swiss"]
[EventRounds "9"]
[EventCountry "UZB"]
[SourceTitle "CB12_2024"]
[SourceDate "2023.10.01"]
[SourceVersion "1"]
[SourceVersionDate "2023.10.01"]
[SourceQuality "1"]

1. Nf3 d5 2. c4 e6 3. g3 Nf6 4. Bg2 dxc4 5. Qa4+ Bd7 6. Qxc4 c5 7. Ne5 Qc8 8. Qd3 Bc6 9. Nxc6 Nxc6 10. Qb5 Be7 11. Bxc6+ bxc6 12. Qa4 h5 13. h4 Nd5 14. d3 Rb8 15. Na3 Qd7 16. Qd1 Nb6 17. Qc2 Qd5 18. e4 Qd7 19. Be3 0-0 20. 0-0 Rfd8 21. Rfd1 e5 22. Qe2 Qg4 23. Qxg4 hxg4 24. Rac1 Na4 25. b3 Nb2 26. Rd2 Nxd3 27. Rcd1 Nb4 28. Rxd8+ Rxd8 29. Rxd8+ Bxd8 30. Nc4 f6 31. a3 Na6 32. Bd2 Kf7 33. Ne3 Be7 34. Ba5 Ke6 35. Kf1 Nb8 36. Ke2 Nd7 37. Nxg4 Nb6 38. Ne3 Nc8 39. Nc4 Bf8 40. Kd3 Be7 41. h5 f5 42. Bc7 Bf6 43. f3 a6 44. a4 Ne7 45. Bd6 fxe4+ 46. fxe4 Ng8 47. Bxc5 Nh6 48. Ne3 Bg5 49. Nc2 Ng4 50. Nb4 Nf6 51. Nxa6 Nxh5 52. Nb8 Nxg3 53. a5 Bd8 54. a6 1-0

[Event "Tashkent (Women) 2nd"]
[Site "Tashkent"]
[Date "2024.03.06"]
[Round "1"]
[White "Khalilova, Madinabonu"]
[Black "Mkrtchyan, Mariam"]
[Result "0-1"]
[WhiteElo "1944"]
[BlackElo "2352"]
[PlyCount "118"]
[EventDate "2024.03.06"]
[EventType "swiss"]
[EventRounds "9"]
[EventCountry "UZB"]
[SourceTitle "CB12_2024"]
[SourceDate "2023.10.01"]
[SourceVersion "1"]
[SourceVersionDate "2023.10.01"]
[SourceQuality "1"]

1. d4 d6 2. c4 e5 3. dxe5 dxe5 4. Qxd8+ Kxd8 5. Nc3 c6 6. e4 f6 7. Be3 Be6 8. 0-0-0+ Nd7 9. Be2 g5 10. g3 Kc7 11. Nf3 Ne7 12. h4 g4 13. Nd2 h5 14. Nb3 Bh6 15. Bxh6 Rxh6 16. Kc2 Rf8 17. Rd2 Nc8 18. Rhd1 Rh7 19. Nc1 a5 20. b3 Rhf7 21. Nd3 f5 22. Kb2 b6 23. f4 gxf3 24. Bxf3 fxe4 25. Bxe4 Rg7 26. Rg1 Nd6 27. Re2 Rfg8 28. Bh1 Rxg3 29. Rxg3 Rxg3 30. Nxe5 Bg4 31. Nxg4 Rxg4 32. Rh2 Ne5 33. Rh3 Rf4 34. Kc2 Rf2+ 35. Kb1 Rf1+ 36. Kc2 Ng4 37. Bf3 Nf5 38. Be2 Rf4 39. Kd2 Nf6 40. Rf3 Rxf3 41. Bxf3 Nxh4 42. Bh1 Nf5 43. Bg2 Kd6 44. a3 Ng4 45. Ne2 a4 46. Bh3 axb3 47. Kc3 Ke5 48. Kxb3 Nd4+ 49. Nxd4 Kxd4 50. Kb4 Ne5 51. Bf1 h4 52. a4 Nd3+ 53. Kb3 Nf2 54. Kb4 h3 55. c5 bxc5+ 56. Kb3 h2 57. Bg2 c4+ 58. Kc2 h1Q 59. Bxh1 Nxh1 0-1

[Event "Swiss Queens Wed #6"]
[Site "FIDE Online Arena INT"]
[Date "2024.03.06"]
[Round "6"]
[White "Shubenkova, Veronika"]
[Black "Mkrtchyan, Mariam"]
[Result "1-0"]
[WhiteElo "2007"]
[BlackElo "2352"]
[PlyCount "89"]
[EventDate "2024.03.06"]
[EventType "swiss (blitz)"]
[EventRounds "11"]
[EventCountry "NET"]
[SourceTitle "CB11_2024"]
[SourceDate "2024.03.13"]
[SourceVersion "1"]
[SourceVersionDate "2024.03.13"]
[SourceQuality "1"]

1. d4 d5 2. e3 e6 3. f4 c5 4. Nf3 Nc6 5. c3 Bd6 6. Bd3 Nge7 7. 0-0 b6 8. Nbd2 Bb7 9. Ne5 g6 10. a3 Qc7 11. Ng4 0-0-0 12. b4 c4 13. Bc2 f5 14. Ne5 Bxe5 15. fxe5 Rdf8 16. a4 Nd8 17. b5 g5 18. Ba3 Nf7 19. Bb4 h5 20. a5 g4 21. axb6 axb6 22. Qc1 Rfg8 23. Ra7 h4 24. Qa3 Ng6 25. Ra1 Kd7 26. Bd6 Nxd6 27. exd6 Qb8 28. Qa6 Kc8 29. Qxb6 Rh7 30. Qc5+ Kd8 31. b6 Ke8 32. Ba4+ Kf8 33. d7+ Kg7 34. Qc7 Kf6 35. Rxb7 Qd8 36. Bc2 g3 37. h3 Re7 38. Rf1 Kg7 39. Ba4 Rf8 40. Qxd8 Rxd8 41. Rc7 Kf6 42. b7 e5 43. Rc8 Rexd7 44. Bxd7 Rxd7 45. b8Q 1-0

[Event "Swiss Queens Wed #5"]
[Site "FIDE Online Arena INT"]
[Date "2024.02.28"]
[Round "7"]
[White "Mkrtchyan, Mariam"]
[Black "Gunina, Valentina"]
[Result "1/2-1/2"]
[WhiteElo "2344"]
[BlackElo "2437"]
[PlyCount "118"]
[EventDate "2024.02.28"]
[EventType "swiss (blitz)"]
[EventRounds "11"]
[EventCountry "NET"]
[SourceTitle "CB10_2024"]
[SourceDate "2024.03.06"]
[SourceVersion "1"]
[SourceVersionDate "2024.03.06"]
[SourceQuality "1"]

1. Nf3 d5 2. d4 Nf6 3. g3 Bf5 4. Bg2 c6 5. 0-0 e6 6. c4 Nbd7 7. b3 Be7 8. Bb2 h6 9. Nc3 0-0 10. e3 a5 11. Nd2 Bb4 12. a3 Bxc3 13. Bxc3 b5 14. c5 Re8 15. b4 a4 16. f4 Ne4 17. Bxe4 Bxe4 18. Ra2 Nf6 19. h3 Bd3 20. Rf2 Ne4 21. Nxe4 dxe4 22. f5 Qd5 23. f6 gxf6 24. Kh2 Kh7 25. Be1 Rg8 26. Rad2 f5 27. Rf4 Rg7 28. Rg2 Rag8 29. Qh5 Qd7 30. Qh4 Qd8 31. Qxd8 Rxd8 32. g4 Rdg8 33. Bh4 fxg4 34. hxg4 f5 35. Kh3 Rg6 36. Rg3 Rf8 37. g5 Rfg8 38. gxh6 Kxh6 39. Rf2 Rg4 40. Rxg4 Rxg4 41. Bg3 Kg6 42. Bf4 Kf7 43. Kh2 Rh4+ 44. Kg1 Rh8 45. Rg2 Bc4 46. Be5 Rh7 47. Rh2 Rxh2 48. Kxh2 Kg6 49. Kg3 Kg5 50. Bf4+ Kf6 51. Be5+ Kg5 52. Bf4+ Kh5 53. Be5 Bd5 54. Bf4 Kg6 55. Be5 Kg5 56. Bf4+ Kf6 57. Be5+ Kg5 58. Bf4+ Kf6 59. Be5+ Kg5 1/2-1/2

[Event "Kragero op"]
[Site "Kragero"]
[Date "2024.02.22"]
[Round "3"]
[White "Kulaots, Kaido"]
[Black "Mkrtchyan, Mariam"]
[Result "1-0"]
[WhiteElo "2525"]
[BlackElo "2344"]
[PlyCount "83"]
[EventDate "2024.02.21"]
[EventType "swiss"]
[EventRounds "9"]
[EventCountry "NOR"]
[SourceTitle "CB09_2024"]
[SourceDate "2024.02.28"]
[SourceVersion "1"]
[SourceVersionDate "2024.02.28"]
[SourceQuality "1"]

1. c4 e6 2. Nf3 d5 3. e3 Nf6 4. Nc3 c6 5. b3 Nbd7 6. Bb2 Bd6 7. d4 0-0 8. Be2 Qe7 9. 0-0 b6 10. Qc2 Bb7 11. Rad1 Rad8 12. Rfe1 c5 13. cxd5 exd5 14. Bf1 Rfe8 15. g3 a6 16. Bg2 Qf8 17. dxc5 Nxc5 18. Na4 Nxa4 19. Bxf6 Rc8 20. Qf5 g6 21. Qd3 Nc5 22. Qd4 Be7 23. Ng5 h6 24. Nh3 g5 25. f4 Ne4 26. Bxe7 Rxe7 27. Qxb6 Nc3 28. Rd2 Qg7 29. f5 Rd7 30. Nf2 h5 31. e4 Re8 32. f6 Qg6 33. e5 Qf5 34. Qe3 Nb5 35. Qe2 g4 36. h3 d4 37. hxg4 Qg6 38. Bxb7 Rxb7 39. Qf3 Qg5 40. gxh5 Rxe5 41. Rxe5 Qxe5 42. Re2 1-0

[Event "Swiss Queens Wed #1"]
[Site "FIDE Online Arena INT"]
[Date "2024.01.31"]
[Round "9"]
[White "Babiy, Olga"]
[Black "Mkrtchyan, Mariam"]
[Result "0-1"]
[WhiteElo "2303"]
[BlackElo "2344"]
[PlyCount "92"]
[EventDate "2024.01.31"]
[EventType "swiss (blitz)"]
[EventRounds "11"]
[EventCountry "NET"]
[SourceTitle "CB06_2024"]
[SourceDate "2024.02.07"]
[SourceVersion "1"]
[SourceVersionDate "2024.02.07"]
[SourceQuality "1"]

1. d4 d5 2. Bf4 e6 3. e3 c5 4. Nf3 Nc6 5. Nbd2 Bd6 6. Bg3 Nge7 7. c3 0-0 8. Bd3 f5 9. Ne5 Nxe5 10. dxe5 Bc7 11. f4 Bd7 12. Bh4 Bc6 13. Nf3 Qd7 14. Qe2 b5 15. Rg1 Ng6 16. g4 d4 17. gxf5 Bxf3 18. Qxf3 Nxh4 19. Qg4 Nxf5 20. e4 Ne3 21. Qg3 c4 22. cxd4 cxd3 23. Qxe3 Bb6 24. Qxd3 Qxd4 25. Qxd4 Bxd4 26. Rg4 Bxb2 27. Rb1 Bc3+ 28. Ke2 b4 29. Rbg1 g6 30. h4 Kf7 31. h5 Rg8 32. Rh4 Rad8 33. hxg6+ hxg6 34. f5 exf5 35. exf5 gxf5 36. Rh7+ Ke6 37. Rgh1 Rd2+ 38. Kf3 Rd3+ 39. Ke2 Rgg3 40. R1h6+ Kxe5 41. Re7+ Kf4 42. Rxa7 Rd2+ 43. Kf1 Bd4 44. Rh4+ Kg5 45. Rah7 Rf2+ 46. Ke1 Rg1# 0-1

[Event "Swiss Queens Wed #1"]
[Site "FIDE Online Arena INT"]
[Date "2024.01.31"]
[Round "2"]
[White "Bodnaruk, Anastasia"]
[Black "Mkrtchyan, Mariam"]
[Result "1-0"]
[WhiteElo "2340"]
[BlackElo "2344"]
[PlyCount "55"]
[EventDate "2024.01.31"]
[EventType "swiss (blitz)"]
[EventRounds "11"]
[EventCountry "NET"]
[SourceTitle "CB06_2024"]
[SourceDate "2024.02.07"]
[SourceVersion "1"]
[SourceVersionDate "2024.02.07"]
[SourceQuality "1"]

1. e4 e5 2. Nf3 Nc6 3. Bc4 Bc5 4. d3 Nf6 5. c3 d6 6. 0-0 a5 7. Re1 Ba7 8. h3 0-0 9. Bg5 Be6 10. Bb5 Ne7 11. Bxf6 gxf6 12. Nh4 f5 13. Qh5 fxe4 14. dxe4 f5 15. Nd2 c6 16. Bd3 f4 17. Ndf3 Bf7 18. Qh6 Kh8 19. Ng5 Bg8 20. Bc4 d5 21. exd5 cxd5 22. Rxe5 Qb6 23. Re6 Qxf2+ 24. Kh1 f3 25. Ngxf3 Rxf3 26. Nxf3 Nf5 27. Qf6+ Ng7 28. Re7 1-0

[Event "Swiss Queens Wed #1"]
[Site "FIDE Online Arena INT"]
[Date "2024.01.31"]
[Round "7"]
[White "Mkrtchyan, Mariam"]
[Black "Ambartsumova, Karina"]
[Result "1-0"]
[WhiteElo "2344"]
[BlackElo "2418"]
[PlyCount "81"]
[EventDate "2024.01.31"]
[EventType "swiss (blitz)"]
[EventRounds "11"]
[EventCountry "NET"]
[SourceTitle "CB06_2024"]
[SourceDate "2024.02.07"]
[SourceVersion "1"]
[SourceVersionDate "2024.02.07"]
[SourceQuality "1"]

1. d4 Nf6 2. Nf3 e6 3. g3 d5 4. Bg2 b5 5. 0-0 Be7 6. a4 b4 7. c4 0-0 8. b3 c5 9. Nbd2 Nc6 10. Bb2 Bb7 11. Rc1 cxd4 12. Nxd4 Rc8 13. e3 Qd7 14. Qe2 Rfd8 15. Rfd1 Nxd4 16. Bxd4 Bc6 17. Nf3 Ba8 18. Ne5 Qb7 19. Ng4 Nxg4 20. Qxg4 Bf8 21. cxd5 exd5 22. Rxc8 Qxc8 23. Qxc8 Rxc8 24. Bxa7 Rc3 25. Bxd5 Bxd5 26. Rxd5 f6 27. a5 Rxb3 28. Kg2 Ra3 29. Rb5 Kf7 30. Bd4 h5 31. h4 Bd6 32. Rxh5 Ke6 33. Rb5 Ra4 34. Kf3 Bc7 35. Bb6 Be5 36. Bc5 Bc3 37. a6 Rxa6 38. Bxb4 Bxb4 39. Rxb4 Ra2 40. Rb7 g6 41. Rg7 1-0

[Event "Swiss Queens Wed #1"]
[Site "FIDE Online Arena INT"]
[Date "2024.01.31"]
[Round "11"]
[White "Mkrtchyan, Mariam"]
[Black "Buksa, Nataliya"]
[Result "0-1"]
[WhiteElo "2344"]
[BlackElo "2388"]
[PlyCount "170"]
[EventDate "2024.01.31"]
[EventType "swiss (blitz)"]
[EventRounds "11"]
[EventCountry "NET"]
[SourceTitle "CB06_2024"]
[SourceDate "2024.02.07"]
[SourceVersion "1"]
[SourceVersionDate "2024.02.07"]
[SourceQuality "1"]

1. Nf3 d5 2. g3 e6 3. Bg2 Nf6 4. 0-0 Be7 5. d4 0-0 6. c4 a5 7. Nbd2 c6 8. Qc2 b5 9. c5 Nbd7 10. e4 dxe4 11. Nxe4 Nxe4 12. Qxe4 Bb7 13. Be3 Nf6 14. Qc2 Nd5 15. Rad1 b4 16. Rfe1 Bf6 17. h4 Ba6 18. Bg5 Bb5 19. Bxf6 Qxf6 20. Ne5 Rad8 21. Bf1 Bxf1 22. Rxf1 Ne7 23. Qe4 Rd5 24. Rd3 Qf5 25. Qxf5 exf5 26. Nc4 Rfd8 27. Rfd1 Rb8 28. Re1 Kf8 29. Re5 a4 30. Rxd5 Nxd5 31. Nd6 g6 32. Rd2 a3 33. bxa3 bxa3 34. Rd3 Ra8 35. Nc4 Ra4 36. Nxa3 Nb4 37. Rb3 Nxa2 38. Nc2 Rc4 39. Ne3 Rc1+ 40. Kg2 Nc3 41. Rb6 Ne2 42. Rxc6 Nxd4 43. Rc7 Ne6 44. Rc8+ Kg7 45. Nd5 Rxc5 46. Rxc5 Nxc5 47. Ne3 Ne6 48. Nd5 Nc5 49. Kf3 f6 50. Kg2 Kf7 51. Nf4 Ne6 52. Nd5 Nd4 53. Nf4 g5 54. hxg5 fxg5 55. Nd3 Kf6 56. f3 h6 57. Kf2 Ke6 58. Ke3 Nc6 59. Nf2 h5 60. Nh3 Kf6 61. Nf2 Ne5 62. Nd1 Ng6 63. Kf2 f4 64. gxf4 Nxf4 65. Nc3 h4 66. Ne4+ Kf5 67. Nd6+ Ke5 68. Nf7+ Kf6 69. Nd6 Kg6 70. Ne4 Kh5 71. Kg1 Nd3 72. Kg2 Kg6 73. Kf1 Kf5 74. Kg2 Kf4 75. Nd6 Ne1+ 76. Kf2 Nxf3 77. Nf7 Ne5 78. Nh6 Ng4+ 79. Nxg4 Kxg4 80. Kg2 h3+ 81. Kh2 Kh4 82. Kg1 g4 83. Kh2 g3+ 84. Kg1 Kg4 85. Kf1 Kf3 0-1

[Event "Swiss Queens Wed #1"]
[Site "FIDE Online Arena INT"]
[Date "2024.01.31"]
[Round "5"]
[White "Mkrtchyan, Mariam"]
[Black "Shuvalova, Polina"]
[Result "1/2-1/2"]
[WhiteElo "2344"]
[BlackElo "2475"]
[PlyCount "55"]
[EventDate "2024.01.31"]
[EventType "swiss (blitz)"]
[EventRounds "11"]
[EventCountry "NET"]
[SourceTitle "CB06_2024"]
[SourceDate "2024.02.07"]
[SourceVersion "1"]
[SourceVersionDate "2024.02.07"]
[SourceQuality "1"]

1. Nf3 d5 2. g3 g6 3. Bg2 Bg7 4. d4 Nf6 5. c4 c6 6. cxd5 cxd5 7. Nc3 Nc6 8. Ne5 Ng4 9. Nxc6 bxc6 10. 0-0 0-0 11. h3 Nf6 12. Na4 Ne4 13. Be3 Ba6 14. Rc1 Bb5 15. Nc5 Nxc5 16. Rxc5 Qd7 17. Qd2 Rfc8 18. Rfc1 e6 19. Bf1 Bf8 20. R5c2 a5 21. Bh6 Bd6 22. e3 Bb4 23. Qd1 a4 24. Qf3 Be7 25. e4 Bxf1 26. Kxf1 Qb7 27. Kg2 Qd7 28. h4 1/2-1/2

[Event "Wch Blitz (Women)"]
[Site "Samarkand"]
[Date "2023.12.30"]
[Round "15"]
[White "Bodnaruk, Anastasia"]
[Black "Mkrtchyan, Mariam"]
[Result "0-1"]
[WhiteElo "2340"]
[BlackElo "2344"]
[PlyCount "106"]
[EventDate "2023.12.29"]
[EventType "swiss (blitz)"]
[EventRounds "17"]
[EventCountry "UZB"]
[SourceTitle "CB01_2024"]
[SourceDate "2024.01.03"]
[SourceVersion "1"]
[SourceVersionDate "2024.01.03"]
[SourceQuality "1"]

1. e4 e5 2. Nf3 Nc6 3. Bb5 a6 4. Ba4 Nf6 5. 0-0 Nxe4 6. Re1 Nc5 7. Bxc6 dxc6 8. Nxe5 Be7 9. d4 Ne6 10. Be3 0-0 11. c4 Re8 12. Nc3 f6 13. Nf3 Nf8 14. h3 Be6 15. b3 Qd7 16. Nh4 Rad8 17. Qh5 Bb4 18. Rac1 Qf7 19. Qxf7+ Kxf7 20. g4 Bc8 21. Red1 Ng6 22. Nf3 Rh8 23. Kg2 h5 24. g5 Rhe8 25. Ne2 Ba3 26. Ra1 Bd6 27. a4 Bf5 28. c5 Bf8 29. Nc3 Be6 30. b4 Bb3 31. Rd2 Bc4 32. Rb2 b6 33. Nd2 Bd3 34. Kg3 Ne7 35. Nb3 Nf5+ 36. Kf3 Bc4 37. Rd1 Nh4+ 38. Kg3 Nf5+ 39. Kf4 Ne7 40. Nd2 Nd5+ 41. Nxd5 Bxd5 42. Rg1 Re6 43. h4 Rde8 44. Rbb1 g6 45. Rbc1 Bg7 46. cxb6 cxb6 47. a5 b5 48. Kg3 fxg5 49. hxg5 Bf8 50. Nf3 Bd6+ 51. Kg2 Bxb4 52. Bf4 Bd6 53. Bxd6 Rxd6 0-1